| 000 | 00455nam a2200193Ia 4500 | ||
|---|---|---|---|
| 008 | 210210b2012 xxu||||| |||| 00| 0 eng d | ||
| 020 | _a9788131774113 | ||
| 041 | _aeng | ||
| 082 | _a306.6 MUKS | ||
| 100 | _aMUKHOPADHYAY (Rajatsubhra) | ||
| 245 | _aSociety and religion | ||
| 260 |
_aDelhi _bPearson _c2012 |
||
| 300 | _av,198 | ||
| 650 | _aSociety | ||
| 650 | _areligion | ||
| 650 | _aand | ||
| 690 | _aSociology of Religion | ||
| 906 | _a066896 | ||
| 999 |
_c149369 _d149369 |
||